Pokerey [juego] : poker, corazones y rummy /

Guardado en:
Formato: Objeto Físico
Publicado: Argentina : Toyco, [201?]
Edición:de lujo / toyco
Materias:
Etiquetas: Agregar Etiqueta
Sin Etiquetas, Sea el primero en etiquetar este registro!
LEADER 00793nrm a22001815g 4500
001 CEM.cems019268
008 130507b201?##################0###0#####d
005 20220830104453.0
003 CEMS
245 0 0 |a Pokerey [juego] :  |b poker, corazones y rummy /  |c Toyco 
250 |a de lujo / toyco 
260 |a Argentina :  |b Toyco,  |c [201?] 
300 |a 3 juegos(1 tablero, 1 mazo de cartas francesas, 50 fichas blancas, 50 fichas rojas) ; en caja 27 x 27 x 5 cm. + manual de instrucciones 
500 |a Para 2 a 9 jugadores a partir de 8 años objetivo: recoger fichas a través de los tres juegos, el que obtenga la mayor cantidad al final, será el ganador del juego. 
082 0 4 |a J795.412 
653 |a 1. juegos de cartas 
653 |a 2. póquer 
859 |a CEMS  |b BIB. CEMS - Ludoteca  |h J795.412  |i T668  |p 406.13  |t Ej.1